Statistics for Writers/Authors with the Most TV & Movie Adaptations

Click here to take the quiz!

General Stats

  • This quiz has been taken 163 times
  • The average score is 4 of 10

Answer Stats

NationalityAdaptationsWriter% Correct
English1,195William Shakespeare
86%
English365Charles Dickens
68%
Danish281Hans Christian Andersen
52%
German273The Brothers Grimm
31%
French267Alexandre Dumas
30%
British260Arthur Conan Doyle
30%
Scottish263Robert Louis Stevenson
21%
American338Edgar Allan Poe
19%
Russian442Anton Chekov
13%
French260Molière
10%

Score Distribution

Percentile by Number Answered

Percent of People with Each Score

Your Score History

You have not taken this quiz